<?xml version="1.0" encoding="UTF-8"?>
<record
    xmlns:xsi="http://www.w3.org/2001/XMLSchema-instance"
    xsi:schemaLocation="http://www.loc.gov/MARC21/slim http://www.loc.gov/standards/marcxml/schema/MARC21slim.xsd"
    xmlns="http://www.loc.gov/MARC21/slim">

  <leader>04970cam a2200385 i 4500</leader>
  <datafield tag="952" ind1=" " ind2=" ">
    <subfield code="0">0</subfield>
    <subfield code="1">0</subfield>
    <subfield code="2">ddc</subfield>
    <subfield code="4">0</subfield>
    <subfield code="7">0</subfield>
    <subfield code="8">GEN</subfield>
    <subfield code="a">FUSBC</subfield>
    <subfield code="b">FUSBC</subfield>
    <subfield code="d">2018-08-09</subfield>
    <subfield code="e">Donaci&#xF3;n editor: Erik Eynikel</subfield>
    <subfield code="l">2</subfield>
    <subfield code="m">3</subfield>
    <subfield code="o">G 222.406 AG259</subfield>
    <subfield code="p">19663</subfield>
    <subfield code="r">2022-04-22 00:00:00</subfield>
    <subfield code="s">2020-02-12</subfield>
    <subfield code="t">Ej. 1</subfield>
    <subfield code="w">2018-08-09</subfield>
    <subfield code="y">BK</subfield>
    <subfield code="I">INV2023</subfield>
  </datafield>
  <datafield tag="999" ind1=" " ind2=" ">
    <subfield code="c">64353</subfield>
    <subfield code="d">64353</subfield>
  </datafield>
  <controlfield tag="001">657597324</controlfield>
  <controlfield tag="003">CO-MdFUSB</controlfield>
  <controlfield tag="005">20180816131433.0</controlfield>
  <controlfield tag="008">100916s2010    be       b    101 0 eng c</controlfield>
  <datafield tag="010" ind1=" " ind2=" ">
    <subfield code="a">2010282191</subfield>
  </datafield>
  <datafield tag="020" ind1=" " ind2=" ">
    <subfield code="a">9789042922846 (pbk.)</subfield>
  </datafield>
  <datafield tag="020" ind1=" " ind2=" ">
    <subfield code="a">9042922842 (pbk.)</subfield>
  </datafield>
  <datafield tag="040" ind1=" " ind2=" ">
    <subfield code="a">OHX</subfield>
    <subfield code="d">DLC</subfield>
    <subfield code="d">CGU</subfield>
    <subfield code="d">ITC</subfield>
    <subfield code="d">CDX</subfield>
    <subfield code="d">YDXCP</subfield>
    <subfield code="d">HEBIS</subfield>
    <subfield code="d">BWX</subfield>
    <subfield code="d">ERASA</subfield>
    <subfield code="d">UtOrBLW</subfield>
    <subfield code="b">spa</subfield>
    <subfield code="c">CO-MdFUSB</subfield>
    <subfield code="e">rda</subfield>
  </datafield>
  <datafield tag="041" ind1="0" ind2=" ">
    <subfield code="a">eng</subfield>
    <subfield code="a">fre</subfield>
    <subfield code="a">ger</subfield>
  </datafield>
  <datafield tag="042" ind1=" " ind2=" ">
    <subfield code="a">pcc</subfield>
  </datafield>
  <datafield tag="082" ind1=" " ind2=" ">
    <subfield code="2">22</subfield>
    <subfield code="a">222.406</subfield>
    <subfield code="b">AG259</subfield>
  </datafield>
  <datafield tag="245" ind1="0" ind2="0">
    <subfield code="a">For and against David</subfield>
    <subfield code="b">: story and history in the books of Samuel</subfield>
    <subfield code="c"> / editado por A. Graeme Auld, Erik Eynikel.</subfield>
  </datafield>
  <datafield tag="264" ind1=" " ind2="1">
    <subfield code="a">Leuven ;</subfield>
    <subfield code="a">Walpole, Mass. :</subfield>
    <subfield code="b">Uitgeverij Peeters,</subfield>
    <subfield code="c">[2010.]</subfield>
  </datafield>
  <datafield tag="300" ind1=" " ind2=" ">
    <subfield code="a">x, 396 pages ;</subfield>
    <subfield code="c">25 cm.</subfield>
  </datafield>
  <datafield tag="336" ind1=" " ind2=" ">
    <subfield code="a">texto</subfield>
    <subfield code="b">txt</subfield>
    <subfield code="2">rdacontent.</subfield>
  </datafield>
  <datafield tag="337" ind1=" " ind2=" ">
    <subfield code="a">sin mediaci&#xF3;n</subfield>
    <subfield code="b">n</subfield>
    <subfield code="2">rdamedia.</subfield>
  </datafield>
  <datafield tag="338" ind1=" " ind2=" ">
    <subfield code="a">volumen</subfield>
    <subfield code="b">nc</subfield>
    <subfield code="2">rdacarrier.</subfield>
  </datafield>
  <datafield tag="490" ind1="1" ind2=" ">
    <subfield code="a">Bibliotheca Ephemeridum theologicarum Lovaniensium ;</subfield>
  </datafield>
  <datafield tag="500" ind1=" " ind2=" ">
    <subfield code="a">International conference proceedings, Juio de 2006, University of Edinburgh,  y en Marzo 2006, Nijmegen.</subfield>
  </datafield>
  <datafield tag="505" ind1="1" ind2="0">
    <subfield code="a">The Samuel composition as a book of life and death : structural, generic and numerical forms of perfection /Jan Fokkelman --From history to story : the development of the figure of David in biblical and post-biblical literature /Shimon Bar-Efrat --Das Lied der Hanna (1 Sam 2,1-11) und das Lied Davids (2 Sam 22) : ein Vergleich /Erik Eynikel --ELLA, ARES und die Samuel-&#xDC;berlieferung /Christa Sch&#xE4;fer-Lichtenberger --F&#xFC;r und wider das K&#xF6;nigtum (1 Sam 8-15) : Figurenperspektiven und Erz&#xE4;hlsystem /Johannes Klein --The historiography of Samuel /Baruch Halpern --Saul as a tragic hero : Greek drama and its influence on Hebrew Scripture in 1 Samuel 14,24-46 (10,8; 13,7-13a; 10,17-27) /Klaus-Peter Adam --Die Verantwortung f&#xFC;r den Mord an den Priestern von Nob /Georg Hentschel --David at the Nob sanctuary /Calum Carmichael --Keine Eroberung Jerusalems : zu Stellung und Bedeutung von 2 Sam 5 in der Davidshausgeschichte der Samuelb&#xFC;cher /Ina Willi-Plein --Die &#xDC;berf&#xFC;hrung der Lade nach Jerusalem (2 Sam 6) : Geschichten und Geschichte /Walter Dietrich --David over Saul in MT 2 Samuel 6,1-5 : an exercise in textual and literary criticism /Robert Rezetko --"Ausser in der Sache mit Uria, dem Hethiter" (1 Reg 15,5) : Jahwes und Davids Gerechtigkeit in 2 Sam 10-12 /Thilo Alexander Rudnig --Literarkritik, Tendenzkritik, Theodizeebearbeitung : zur exegetischen Methodik in den Samuelb&#xFC;chern /Siegfried Kreuzer --Ledavid (for David)! : "except in the matter of Uriah the Hittite" /Steven L. McKenzie --The "eternal" curse : seven Deuteronomistic judgment oracles against the house of David /David T. Lamb --La r&#xE9;volte d'Absalom comme &#xE9;v&#xE9;nement historique /Jacques Vermeylen --2 Samuel 21-24 : the enigma factor /Antony F. Campbell --A factored response to an enigma /A. Graeme Auld.</subfield>
  </datafield>
  <datafield tag="505" ind1="0" ind2="1">
    <subfield code="t">La composici&#xF3;n de Samuel, como un libro de vida  y muerte : formas estructurales, gen&#xE9;ricas y forma num&#xE9;rica de la perfecci&#xF3;n /</subfield>
    <subfield code="r">Jan Fokkelman --</subfield>
    <subfield code="t">De la historia a la historia : el desarrollo de la figura de David en la literatura b&#xED;blica y pos b&#xED;blica /</subfield>
    <subfield code="r">Shimon Bar-Efrat --</subfield>
    <subfield code="t">La canci&#xF3;n de Ana (1 Sam 2,1-11) y la canci&#xF3;n de David (2 Sam 22) : una comparaci&#xF3;n /</subfield>
    <subfield code="r">Erik Eynikel --</subfield>
    <subfield code="t">A favor y en contra de la monarqu&#xED;a (1 Sam. 8-15): Perspectivas de figuras y sistemas narrativos /</subfield>
    <subfield code="r">Johannes Klein --</subfield>
    <subfield code="t">La historiograf&#xED;a de Samuel. /</subfield>
    <subfield code="r">Baruch Halpern --</subfield>
    <subfield code="t">Saul como un h&#xE9;roe tr&#xE1;gico : Drama griego y su influencia en las escrituras hebreas  de 1 Samuel 14,24-46 (10,8; 13,7-13a; 10,17-27) /</subfield>
    <subfield code="r">Klaus-Peter Adam --</subfield>
    <subfield code="t">Responsable del asesinato de los sacerdotes de Nob /</subfield>
    <subfield code="r">Georg Hentschel --</subfield>
    <subfield code="t">David en el santuario de Nob /</subfield>
    <subfield code="r">Calum Carmichael --</subfield>
    <subfield code="t">Sin conquista de Jerusal&#xE9;n: la posici&#xF3;n y el significado de 2 Sam 5  David grita la historia de los libros de Samuel  /</subfield>
    <subfield code="r">Ina Willi-Plein --</subfield>
    <subfield code="t">La Transfiguraci&#xF3;n del Arca a Jerusal&#xE9;n (2 Sam 6): Historias e Historia /</subfield>
    <subfield code="r">Walter Dietrich --</subfield>
    <subfield code="t">David sobre Sa&#xFA;l en Mateo, 2 Samuel 6: 1-5: un ejercicio de cr&#xED;tica textual y literaria /</subfield>
    <subfield code="r">Robert Rezetko --</subfield>
    <subfield code="t">"Excepto en el caso de Ur&#xED;as el hitita" (1Re 15: 5): la justicia de Yahweh y David en 2 Sam. 10-12 /</subfield>
    <subfield code="r">Thilo Alexander Rudnig --</subfield>
    <subfield code="t">Cr&#xED;tica literaria, cr&#xED;tica de la tendencia, tratamiento de Teodicea: Metodolog&#xED;a exeg&#xE9;tica en los libros de Samuel /</subfield>
    <subfield code="r">Siegfried Kreuzer --</subfield>
    <subfield code="t">El David (por David)! : "excepto en el asunto de Ur&#xED;as el Hitita" /</subfield>
    <subfield code="r">Steven L. McKenzie --</subfield>
    <subfield code="t">La maldici&#xF3;n "eterna": Siete or&#xE1;culos Deuteronomistas contra la casa de David /</subfield>
    <subfield code="r">David T. Lamb --</subfield>
    <subfield code="t">La revuelta de Absal&#xF3;n como un evento hist&#xF3;rico /</subfield>
    <subfield code="r">Jacques Vermeylen --</subfield>
    <subfield code="t">2 Samuel 21-24 : aspectos del enigma /</subfield>
    <subfield code="r">Antony F. Campbell --</subfield>
    <subfield code="t">Una respuesta sumada a un enigma /</subfield>
    <subfield code="r">A. Graeme Auld.</subfield>
  </datafield>
  <datafield tag="563" ind1=" " ind2=" ">
    <subfield code="a">r&#xFA;stico</subfield>
  </datafield>
  <datafield tag="630" ind1="0" ind2="7">
    <subfield code="a">Biblia.</subfield>
    <subfield code="p">Samuel</subfield>
  </datafield>
  <datafield tag="630" ind1="0" ind2="7">
    <subfield code="a">Biblia.</subfield>
    <subfield code="p">Samuel, 1&#xAA;</subfield>
  </datafield>
  <datafield tag="630" ind1="0" ind2="7">
    <subfield code="a">Biblia.</subfield>
    <subfield code="p">Samuel, 2&#xAA;</subfield>
  </datafield>
  <datafield tag="700" ind1="1" ind2=" ">
    <subfield code="a">Auld, A. Graeme.</subfield>
    <subfield code="e">editor.</subfield>
  </datafield>
  <datafield tag="700" ind1="1" ind2=" ">
    <subfield code="a">Eynikel, Erik.</subfield>
    <subfield code="e">editor.</subfield>
  </datafield>
  <datafield tag="942" ind1=" " ind2=" ">
    <subfield code="c">BK</subfield>
  </datafield>
</record>
